[Event "Erwin Hamm Memorial"]
[Site "Sacramento"]
[Date "2001.05.09"]
[Round "1"]
[White "Langreck, John"]
[Black "Gvozden, Nebojsa"]
[Result "1-0"]
[WhiteElo "2227"]
[BlackElo "1373"]
[PlyCount "39"]
[EventDate "2001.06.06"]
[EventType "swiss"]
[EventRounds "5"]
[EventCountry "USA"]
[SourceTitle "EXT 2006"]
[Source "ChessBase"]
[SourceDate "2005.11.24"]
[SourceVersion "1"]
[SourceVersionDate "2005.11.24"]
[SourceQuality "1"]

1. e4 g6 2. d4 Bg7 3. Nc3 e6 4. Nf3 Nc6 5. Bg5 Nge7 6. d5 Ne5 7. d6 Nxf3+ 8. Qxf3 cxd6 9. Nb5 Qa5+ 10. c3 Qb6 11. 0-0-0 d5 12. exd5 Nxd5 13. Rxd5 exd5 14. Qe2+ Kf8 15. Qe7+ Kg8 16. Qe8+ Bf8 17. Bh6 Qc5 18. Nc7 Qe7 19. Nxd5 Qxe8 20. Nf6# 1-0